00175 a2200085 450000100060000008200140000610000200002024500300004026000190007063103 a516.33NAR aNarayan, Shanti aAnalytical solid geometry bS. Chandc1963